| 000 | 00921nam a2200253Ia 4500 | ||
|---|---|---|---|
| 003 | OSt | ||
| 005 | 20220923222431.0 | ||
| 006 | a|||||r|||| 00| 0 | ||
| 007 | ta | ||
| 008 | 220922b |||||||| |||| 00| 0 hin d | ||
| 024 | _a204,946 | ||
| 037 | _cTextual | ||
| 040 |
_aARTS _cARTS _bhin |
||
| 041 |
_2hin _ahin |
||
| 082 | _aO594,1x, 152N1 | ||
| 100 | _aखरे, विष्णु | ||
| 245 | 0 | _aहम इस धरती के नमक हैं बींसवी सदी की स्विस कविता | |
| 246 | _aHam is dharatī ke namak haian bīansavī sadī kī svis kavitā | ||
| 260 |
_aनई दिल्ली _b राधाकृष्ण प्रकाशन _c1991 |
||
| 300 |
_a206पृ. _ccm. |
||
| 650 |
_aहिन्दी साहित्य _9156264 |
||
| 942 |
_hO594,1x, 152N1 _cTEXL _2CC |
||
| 999 |
_c355694 _d355694 |
||